| 000 | 00962nam a2200313Ia 4500 | ||
|---|---|---|---|
| 003 | OSt | ||
| 005 | 20221007110824.0 | ||
| 006 | a|||||r|||| 00| 0 | ||
| 007 | ta | ||
| 008 | 221006b |||||||| |||| 00| 0 eng d | ||
| 020 | _a 027598883X (Vol. 1) | ||
| 020 | _a0275988821 (Set); 027598883X (Vol. 1); 0275988848 (Vol. 2); 0275988856 (Vol. 3); 0275988864 (Vol. 4) | ||
| 024 | _a21,933 | ||
| 037 | _cTextual | ||
| 040 |
_aLCO _cLCO _beng |
||
| 041 |
_2eng _aeng |
||
| 082 | _aZ2,267, P9 | ||
| 100 | _aYu Peter K. Ed. | ||
| 245 | 0 | _aIntellectual Property and Information Wealth.4V | |
| 260 |
_aNew _bDelhi Pentagon Press India _c2009 |
||
| 300 | _a480 | ||
| 490 | _vVol.- II | ||
| 500 | _aIssues and Practices in the Digital Age | ||
| 650 |
_a COPYRIGHT _9607787 |
||
| 650 |
_a PATENTS _9705363 |
||
| 650 |
_aINTELLECTUAL PROPERTY _9583124 |
||
| 942 |
_hZ2,267, P9 _cTEXL |
||
| 999 |
_c1191496 _d1191496 |
||